[Event "PMPJ 11"]
[Site "?"]
[Date "2015.11.11"]
[Round "6.2"]
[White "Topola, Rafal"]
[Black "Trybus, Daniel"]
[Result "0-1"]
[BlackElo "1448"]
[WhiteElo "1171"]
[LiveChessVersion "1.4.6"]

1. e4 {[%clk 1:30:58]} d5 {[%clk 1:30:59]} 2. exd5 {[%clk 1:31:22]} Qxd5
{[%clk 1:31:24]} 3. Nc3 {[%clk 1:31:36]} Qd6 {[%clk 1:31:47]} 4. d4
{[%clk 1:32:00]} Nf6 {[%clk 1:32:08]} 5. Be3 {[%clk 1:31:34]} Nc6
{[%clk 1:32:30]} 6. h3 {[%clk 1:31:16]} a6 {[%clk 1:32:49]} 7. Nf3
{[%clk 1:31:38]} Bf5 {[%clk 1:33:04]} 8. a3 {[%clk 1:31:22]} e6 {[%clk 1:32:38]}
9. Bc4 {[%clk 1:27:40]} Be7 {[%clk 1:32:57]} 10. O-O {[%clk 1:27:59]} O-O-O
{[%clk 1:33:11]} 11. Ne2 {[%clk 1:27:30]} h6 {[%clk 1:32:51]} 12. c3
{[%clk 1:27:42]} g5 {[%clk 1:32:47]} 13. Ng3 {[%clk 1:27:21]} Bg6
{[%clk 1:32:43]} 14. Bb3 {[%clk 1:24:13]} Nh5 {[%clk 1:30:31]} 15. Nxh5
{[%clk 1:24:24]} Bxh5 {[%clk 1:30:52]} 16. g4 {[%clk 1:21:56]} Bg6
{[%clk 1:31:12]} 17. Bc2 {[%clk 1:22:14]} f5 {[%clk 1:30:50]} 18. Nh2
{[%clk 1:22:02]} Rdg8 {[%clk 1:30:16]} 19. f3 {[%clk 1:17:20]} Qg3+
{[%clk 1:30:00]} 20. Kh1 {[%clk 1:17:31]} Qxh3 {[%clk 1:30:13]} 21. Bb3
{[%clk 1:13:54]} Nd8 {[%clk 1:29:39]} 22. Bg1 {[%clk 1:10:57]} fxg4
{[%clk 1:29:58]} 23. fxg4 {[%clk 1:11:09]} Be4+ {[%clk 1:30:13]} 24. Rf3
{[%clk 1:11:01]} Rf8 {[%clk 1:30:17]} 25. Qf1 {[%clk 1:08:21]} Rxf3
{[%clk 1:30:16]} 26. Qg2 {[%clk 1:08:03]} Re3 {[%clk 1:30:16]} 27. Qxe4
{[%clk 1:07:32]} Rxe4 {[%clk 1:30:37]} 28. d5 {[%clk 1:07:21]} Rxg4
{[%clk 1:30:43]} 29. dxe6 {[%clk 1:07:30]} Qg2# {[%clk 1:31:00]} 0-1

[Event "PMPJ 11"]
[Site "?"]
[Date "2015.11.11"]
[Round "6.3"]
[White "Dolharz, Jakub"]
[Black "Niedbala, Bartlomiej"]
[Result "1/2-1/2"]
[BlackElo "1403"]
[WhiteElo "1382"]
[LiveChessVersion "1.4.6"]

1. e4 {[%clk 1:30:30]} c6 {[%clk 1:30:50]} 2. d4 {[%clk 1:30:14]} d5
{[%clk 1:31:13]} 3. exd5 {[%clk 1:29:24]} cxd5 {[%clk 1:30:46]} 4. Nf3
{[%clk 1:27:10]} Bf5 {[%clk 1:28:15]} 5. Nc3 {[%clk 1:21:15]} e6 {[%clk 1:26:11]}
6. Bd3 {[%clk 1:16:16]} Bg6 {[%clk 1:24:20]} 7. Bf4 {[%clk 1:14:00]} Nc6
{[%clk 1:24:42]} 8. Qd2 {[%clk 1:08:18]} Nf6 {[%clk 1:24:51]} 9. O-O
{[%clk 1:01:38]} Bd6 {[%clk 1:25:13]} 10. Bg3 {[%clk 0:57:38]} O-O
{[%clk 1:23:33]} 11. h3 {[%clk 0:53:22]} a6 {[%clk 1:23:10]} 12. a3
{[%clk 0:51:22]} Nh5 {[%clk 1:22:48]} 13. Ne2 {[%clk 0:49:02]} b5
{[%clk 1:22:32]} 14. c3 {[%clk 0:44:08]} Na5 {[%clk 1:21:55]} 15. Rad1
{[%clk 0:41:25]} Bxd3 {[%clk 1:21:55]} 16. Qxd3 {[%clk 0:41:48]} Nc4
{[%clk 1:22:12]} 17. Qc2 {[%clk 0:41:26]} Qc7 {[%clk 1:22:20]} 18. Bxd6
{[%clk 0:38:07]} Qxd6 {[%clk 1:21:42]} 19. Nd2 {[%clk 0:35:26]} Nf4
{[%clk 1:21:04]} 20. Nxf4 {[%clk 0:29:51]} Qxf4 {[%clk 1:20:39]} 21. Nxc4
{[%clk 0:30:12]} bxc4 {[%clk 1:21:03]} 22. b4 {[%clk 0:29:50]} cxb3
{[%clk 1:21:22]} 23. Qxb3 {[%clk 0:30:05]} Rfc8 {[%clk 1:21:45]} 24. Rc1
{[%clk 0:28:48]} Rc4 {[%clk 1:22:10]} 25. Rb1 {[%clk 0:26:10]} Qc7
{[%clk 1:22:15]} 26. Rfc1 {[%clk 0:25:04]} g6 {[%clk 1:22:09]} 27. Rc2
{[%clk 0:23:47]} Rc8 {[%clk 1:21:58]} 28. Rbc1 {[%clk 0:23:37]} a5
{[%clk 1:21:38]} 29. Qb2 {[%clk 0:21:56]} a4 {[%clk 1:21:14]} 30. g3
{[%clk 0:19:58]} Rb8 {[%clk 1:21:33]} 31. Qa1 {[%clk 0:20:13]} Rb3
{[%clk 1:21:39]} 32. Kf1 {[%clk 0:19:11]} Qd6 {[%clk 1:21:49]} 33. Ra2
{[%clk 0:19:09]} Qa6 {[%clk 1:22:05]} 34. Kg1 {[%clk 0:18:17]} Kf8
{[%clk 1:19:44]} 35. Rb2 {[%clk 0:15:52]} Qb5 {[%clk 1:19:17]} 36. Rxb3
{[%clk 0:15:37]} Qxb3 {[%clk 1:19:45]} 37. Kf1 {[%clk 0:15:26]} Rc6
{[%clk 1:19:52]} 38. Ke1 {[%clk 0:15:08]} Ke7 {[%clk 1:19:44]} 39. Kd2
{[%clk 0:14:29]} Rb6 {[%clk 1:20:12]} 40. Rc2 {[%clk 0:13:50]} Qb1
{[%clk 1:20:07]} 41. Qxb1 {[%clk 0:13:39]} Rxb1 {[%clk 1:20:32]} 42. Ra2
{[%clk 0:13:23]} Kd6 {[%clk 1:20:11]} 43. h4 {[%clk 0:11:23]} Kc6
{[%clk 1:20:05]} 44. Kd3 {[%clk 0:10:26]} Kb5 {[%clk 1:20:07]} 45. Kc2
{[%clk 0:10:23]} Rb3 {[%clk 1:19:26]} 46. Rb2 {[%clk 0:07:16]} Rxb2+
{[%clk 1:19:30]} 47. Kxb2 {[%clk 0:07:42]} Kc4 {[%clk 1:19:32]} 48. Kc2
{[%clk 0:08:07]} f6 {[%clk 1:18:04]} 49. f3 {[%clk 0:06:23]} g5 {[%clk 1:17:39]}
50. h5 {[%clk 0:04:13]} h6 {[%clk 1:17:49]} 51. g4 {[%clk 0:03:38]} f5
{[%clk 1:18:15]} 52. f4 {[%clk 0:03:24]} fxg4 {[%clk 1:16:58]} 53. fxg5
{[%clk 0:03:49]} g3 {[%clk 1:17:23]} 54. gxh6 {[%clk 0:04:16]} g2
{[%clk 1:17:44]} 55. h7 {[%clk 0:04:44]} g1=Q {[%clk 1:18:03]} 56. h8=Q
{[%clk 0:05:08]} Qf2+ {[%clk 1:17:57]} 57. Kd1 {[%clk 0:04:19]} Kd3
{[%clk 1:17:42]} 58. Qh7+ {[%clk 0:04:17]} Kxc3 {[%clk 1:18:06]} 59. Qc7+
{[%clk 0:04:19]} Kd3 {[%clk 1:18:16]} 60. Qh7+ {[%clk 0:04:36]} Kc3
{[%clk 1:17:57]} 61. Qc7+ {[%clk 0:04:52]} Kb3 {[%clk 1:16:55]} 62. Qb6+
{[%clk 0:04:48]} Kxa3 {[%clk 1:17:14]} 63. Qc5+ {[%clk 0:05:13]} Kb3
{[%clk 1:16:52]} 64. Qb5+ {[%clk 0:04:47]} Kc3 {[%clk 1:17:02]} 65. Qc5+
{[%clk 0:05:13]} Kd3 {[%clk 1:16:47]} 66. Qa3+ {[%clk 0:05:39]} Ke4
{[%clk 1:17:03]} 67. Qh3 {[%clk 0:04:05]} Qxd4+ {[%clk 1:16:10]} 68. Ke2
{[%clk 0:03:56]} Qb2+ {[%clk 1:16:00]} 69. Kd1 {[%clk 0:03:33]} Qb1+
{[%clk 1:10:44]} 70. Kd2 {[%clk 0:03:04]} Qb4+ {[%clk 1:11:05]} 71. Kd1
{[%clk 0:03:26]} Qd4+ {[%clk 1:09:43]} 72. Ke2 {[%clk 0:03:26]} Qc4+
{[%clk 1:09:01]} 73. Kd1 {[%clk 0:03:29]} Ke5 {[%clk 1:05:59]} 74. Qg3+
{[%clk 0:02:08]} Kf6 {[%clk 1:04:49]} 75. Qg6+ {[%clk 0:02:01]} Ke7
{[%clk 1:05:15]} 76. Qg7+ {[%clk 0:01:43]} Ke8 {[%clk 1:05:08]} 77. h6
{[%clk 0:01:25]} Qf1+ {[%clk 1:04:15]} 78. Kc2 {[%clk 0:01:12]} Qf7
{[%clk 1:02:59]} 79. Qg5 {[%clk 0:01:22]} Qh7+ {[%clk 1:02:29]} 80. Kb2
{[%clk 0:01:38]} Kf7 {[%clk 1:02:25]} 81. Ka3 {[%clk 0:00:52]} Qg6
{[%clk 1:02:10]} 82. Qf4+ {[%clk 0:00:47]} Kg8 {[%clk 1:02:20]} 83. Qb8+
{[%clk 0:01:03]} Kh7 {[%clk 1:02:42]} 84. Qf8 {[%clk 0:01:22]} Qg8
{[%clk 1:02:33]} 85. Qf4 {[%clk 0:01:29]} Qg6 {[%clk 1:02:21]} 86. Qf8
{[%clk 0:01:47]} Qxh6 {[%clk 1:02:25]} 87. Qf7+ {[%clk 0:02:03]} Kh8
{[%clk 1:02:41]} 88. Qe8+ {[%clk 0:02:21]} Kg7 {[%clk 1:02:54]} 89. Qe7+
{[%clk 0:02:43]} Kg8 {[%clk 1:03:15]} 90. Kxa4 {[%clk 0:03:03]} Qf4+
{[%clk 1:03:04]} 91. Kb5 {[%clk 0:02:17]} Qc4+ {[%clk 1:03:11]} 92. Kb6
{[%clk 0:02:22]} d4 {[%clk 1:03:25]} 93. Qe8+ {[%clk 0:02:19]} Kg7
{[%clk 1:03:40]} 94. Qe7+ {[%clk 0:02:37]} Kg6 {[%clk 1:04:01]} 95. Qe8+
{[%clk 0:02:48]} Kf6 {[%clk 1:04:07]} 96. Qf8+ {[%clk 0:02:52]} Ke5
{[%clk 1:04:29]} 97. Qg7+ {[%clk 0:03:07]} Ke4 {[%clk 1:04:37]} 98. Qg2+
{[%clk 0:02:58]} Kd3 {[%clk 1:04:37]} 99. Qf1+ {[%clk 0:02:41]} Kc3
{[%clk 1:05:02]} 100. Qc1+ {[%clk 0:02:54]} Kb4 {[%clk 1:05:01]} 101. Qb2+
{[%clk 0:03:04]} Ka4 {[%clk 1:05:10]} 102. Qa1+ {[%clk 0:03:25]} Kb3
{[%clk 1:05:27]} 103. Qb1+ {[%clk 0:03:50]} Kc3 {[%clk 1:04:49]} 104. Qc1+
{[%clk 0:04:10]} Kb3 {[%clk 1:02:06]} 105. Qb1+ {[%clk 0:04:21]} Kc3
{[%clk 1:01:28]} 106. Qc1+ {[%clk 0:04:35]} Kd3 {[%clk 1:01:42]} 107. Qf1+
{[%clk 0:04:46]} Kc3 {[%clk 1:02:05]} 108. Qc1+ {[%clk 0:05:10]} 1/2-1/2

[Event "PMPJ 11"]
[Site "?"]
[Date "2015.11.11"]
[Round "6.4"]
[White "Norek, Bartosz"]
[Black "Bartoszewski-reiski, Olaf"]
[Result "1-0"]
[BlackElo "1425"]
[WhiteElo "1542"]
[LiveChessVersion "1.4.6"]

1. e4 c5 2. Nf3 e6 3. d4 cxd4 4. Nxd4 Nf6 5. Nc3 Bb4 6. e5 Nd5 7. Bd2 Nxc3 8.
bxc3 Be7 9. Qg4 g6 10. h4 Nc6 11. Nxc6 dxc6 12. h5 Qd5 13. Qd4 Bd7 14. hxg6 fxg6
15. Bd3 O-O-O 16. Be4 Bc5 17. Bxd5 Bxd4 18. cxd4 exd5 19. Bg5 Rde8 20. O-O-O h5
21. f3 Bf5 22. Rh4 Kc7 23. Bf6 Rhg8 24. g4 hxg4 25. fxg4 Be4 26. Rh7+ Kb6 27. Kd2
Ka6 28. Rh3 b6 29. Rf1 Rgf8 30. Rb1 b5 31. a4 Rb8 32. axb5+ Rxb5 33. Rxb5 cxb5
34. g5 Re8 35. Rh7 Kb6 36. Be7 a5 37. Bc5+ Kc6 38. Ra7 a4 39. Ra6+ Kc7 40. e6 Rh8
41. e7 Bf5 42. Rf6 Rh2+ 43. Ke1 Rh1+ 44. Kf2 Rh2+ 45. Kf3 Rh3+ 46. Kf4 Bd7 47.
Rf8 Rh4+ 48. Ke5 Re4+ 49. Kf6 Re6+ {[%clk 0:00:00]} 50. Kg7 Re3 51. Kxg6 a3 52.
Ra8 Kb7 53. Rxa3 Rxa3 54. Bxa3 Be8+ {[%clk 0:00:03]} 55. Kf6 1-0

[Event "PMPJ 11"]
[Site "?"]
[Date "2015.11.11"]
[Round "6.5"]
[White "Kossowski, Pawel"]
[Black "Czarnomski, Dominik"]
[Result "1/2-1/2"]
[BlackElo "1323"]
[WhiteElo "1275"]
[LiveChessVersion "1.4.6"]

1. e4 {[%clk 1:30:49]} d5 {[%clk 1:30:55]} 2. exd5 {[%clk 1:30:53]} Nf6
{[%clk 1:31:19]} 3. d4 {[%clk 1:30:58]} Nxd5 {[%clk 1:31:42]} 4. c4
{[%clk 1:30:21]} Nf6 {[%clk 1:32:07]} 5. Nc3 {[%clk 1:29:55]} e6 {[%clk 1:32:30]}
6. Nf3 {[%clk 1:29:50]} b6 {[%clk 1:32:42]} 7. Be2 {[%clk 1:28:45]} Bb7
{[%clk 1:32:57]} 8. O-O {[%clk 1:26:18]} Be7 {[%clk 1:33:17]} 9. Bf4
{[%clk 1:25:26]} O-O {[%clk 1:32:18]} 10. Qd2 {[%clk 1:15:29]} Ne4
{[%clk 1:23:19]} 11. Nxe4 {[%clk 1:13:40]} Bxe4 {[%clk 1:23:45]} 12. Qe3
{[%clk 1:13:05]} Bb7 {[%clk 1:22:38]} 13. Rad1 {[%clk 1:11:47]} Nd7
{[%clk 1:20:03]} 14. Bd3 {[%clk 1:03:40]} Nf6 {[%clk 1:17:45]} 15. Ne5
{[%clk 1:00:41]} Nh5 {[%clk 1:07:34]} 16. Qh3 {[%clk 0:51:44]} g6
{[%clk 1:07:47]} 17. Be3 {[%clk 0:47:17]} Bg5 {[%clk 1:02:42]} 18. Qg4
{[%clk 0:40:40]} Bxe3 {[%clk 0:56:43]} 19. fxe3 {[%clk 0:40:51]} f5
{[%clk 0:35:58]} 20. Qe2 {[%clk 0:38:34]} Qg5 {[%clk 0:32:35]} 21. Bc2
{[%clk 0:30:45]} f4 {[%clk 0:26:13]} 22. e4 {[%clk 0:27:33]} Qh4 {[%clk 0:18:35]}
23. Qg4 {[%clk 0:21:58]} Qxg4 {[%clk 0:17:16]} 24. Nxg4 {[%clk 0:22:14]} g5
{[%clk 0:16:24]} 25. Rf3 {[%clk 0:19:54]} Nf6 {[%clk 0:15:39]} 26. Nxf6+
{[%clk 0:19:36]} Rxf6 {[%clk 0:16:05]} 27. Rh3 {[%clk 0:19:27]} Kg7
{[%clk 0:15:05]} 28. e5 {[%clk 0:16:02]} Rh6 {[%clk 0:15:29]} 29. Rxh6
{[%clk 0:15:55]} Kxh6 {[%clk 0:15:52]} 30. d5 {[%clk 0:16:02]} exd5
{[%clk 0:14:14]} 31. cxd5 {[%clk 0:16:21]} Rd8 {[%clk 0:14:31]} 32. Bb3
{[%clk 0:15:05]} Kg6 {[%clk 0:14:34]} 33. d6 {[%clk 0:13:28]} cxd6
{[%clk 0:14:54]} 34. exd6 {[%clk 0:13:53]} Kf6 {[%clk 0:14:55]} 35. Bc2
{[%clk 0:13:51]} h6 {[%clk 0:14:42]} 36. Ba4 {[%clk 0:12:54]} a6 {[%clk 0:13:40]}
37. Bb3 {[%clk 0:11:21]} Ke5 {[%clk 0:11:38]} 38. Re1+ {[%clk 0:11:12]} Kxd6
{[%clk 0:12:02]} 39. Re6+ {[%clk 0:11:32]} Kc5 {[%clk 0:11:56]} 40. Rxh6
{[%clk 0:11:32]} Rd2 {[%clk 0:09:13]} 41. g3 {[%clk 0:10:54]} fxg3
{[%clk 0:08:53]} 42. hxg3 {[%clk 0:10:30]} Rxb2 {[%clk 0:07:41]} 43. Kf1
{[%clk 0:09:23]} Rg2 {[%clk 0:07:55]} 44. Rh7 {[%clk 0:08:54]} Bc6
{[%clk 0:07:29]} 45. Rh3 {[%clk 0:07:51]} g4 {[%clk 0:05:55]} 46. Rh5+
{[%clk 0:08:03]} Kd4 {[%clk 0:05:44]} 47. Rh6 {[%clk 0:08:10]} Bf3
{[%clk 0:05:35]} 48. Rxb6 {[%clk 0:07:45]} Rxg3 {[%clk 0:04:45]} 49. Rxa6
{[%clk 0:07:48]} 1/2-1/2

[Date "2015.??.??"]
[Round "6.6"]
[White "Lazniewski, Tadeusz"]
[Black "Kosior, Jan"]
[Result "1/2-1/2"]
[WhiteElo "1167"]
[BlackElo "1312"]
[PlyCount "31"]
[EventDate "2015.??.??"]

1. e4 d5 2. exd5 Nf6 3. d4 Nxd5 4. c4 Nb6 5. Nc3 Bf5 6. Nf3 Nc6 7. d5 Nb4 8.
Nh4 Nc2+ 9. Kd2 Nxa1 10. Nxf5 c6 11. d6 g6 12. c5 gxf5 13. cxb6 Qxb6 14. Bd3
Rd8 15. Qf3 Bh6+ 16. Ke2 {Zapis nieczytelny} 1/2-1/2

[Date "2015.??.??"]
[Round "6.7"]
[White "Zabron, Maksym"]
[Black "Oborski, Artur"]
[Result "1-0"]
[WhiteElo "1468"]
[BlackElo "1300"]
[PlyCount "71"]
[EventDate "2015.??.??"]

1. d4 Nf6 2. c4 g6 3. Nc3 d5 4. Nf3 Bg7 5. e3 O-O 6. Be2 Bf5 7. Qb3 Nbd7 8.
cxd5 Nb6 9. Nh4 Be4 10. Nxe4 Nxe4 11. Bd3 Nd6 12. Nf3 f5 13. O-O a5 14. a4 Kh8
15. Bd2 Ne8 16. Ng5 Qxd5 17. Qa3 Nd6 18. Qc5 Rfc8 19. Be2 e5 20. Bf3 e4 21. Be2
Bh6 22. Qxd5 Nxd5 23. Ne6 b6 24. Rac1 Ra7 25. Rc6 Re8 26. Nf4 Bxf4 27. exf4 Re7
28. Rfc1 Ra8 29. Be1 Rc8 30. Bb5 e3 31. fxe3 Nxe3 32. Rxd6 Rce8 33. Rdc6 Ng4
34. Rxc7 Re2 35. Bc3 Ne3 36. d5+ 1-0

[Date "2015.??.??"]
[Round "6.8"]
[White "Celebias, Filip"]
[Black "Wieczorek, Karol"]
[Result "0-1"]
[WhiteElo "1350"]
[BlackElo "1193"]
[PlyCount "64"]
[EventDate "2015.??.??"]

1. e4 c6 2. d4 d5 3. Nc3 dxe4 4. Nxe4 Nd7 5. Ng5 Ngf6 6. Bd3 e6 7. N1f3 h6 8.
Ne4 Nxe4 9. Bxe4 Nf6 10. Bd3 Bd6 11. O-O O-O 12. c4 b6 13. Qc2 c5 14. dxc5 Bxc5
15. a3 a5 16. Be3 Bxe3 17. fxe3 Qc7 18. Nd4 Ng4 19. Rf4 Nxe3 20. Qf2 e5 21. Nb5
Qd7 22. Qxe3 exf4 23. Qe4 g6 24. Qxa8 Bb7 25. Qxf8+ Kxf8 26. Rd1 Qg4 27. Rd2
Qe6 28. Re2 Qg4 29. h3 Qg3 30. Nd6 Qxd3 31. Re8+ Kg7 32. Nxb7 Qd7 0-1

[Date "2015.??.??"]
[Round "6.9"]
[White "Lokaj, Bartlomiej"]
[Black "Kujawa, Krzysztof"]
[Result "0-1"]
[WhiteElo "1310"]
[BlackElo "1333"]
[PlyCount "46"]
[EventDate "2015.??.??"]

1. f4 d5 2. Nf3 Nf6 3. e3 Nc6 4. d3 Bf5 5. Be2 h6 6. O-O e6 7. Nc3 Be7 8. Qe1
O-O 9. h3 Rb8 10. g4 Bh7 11. Qg3 Nd7 12. h4 g5 13. fxg5 hxg5 14. hxg5 f6 15.
gxf6 Rxf6 16. g5 Rg6 17. e4 Nf8 18. Bf4 e5 19. Nxd5 exf4 20. Nxe7+ Qxe7 21.
Qxf4 Ne6 22. Qg4 Nxg5 23. Kf2 Nxf3 0-1

[Date "2015.??.??"]
[Round "6.10"]
[White "Stypka, Sebastian"]
[Black "Bartosik, Franciszek"]
[Result "1-0"]
[WhiteElo "1254"]
[BlackElo "1183"]
[PlyCount "47"]
[EventDate "2015.??.??"]

1. e4 c5 2. Nf3 e6 3. d4 cxd4 4. Nxd4 a6 5. Bd3 Qc7 6. O-O b5 7. Qe2 d6 8. Be3
Bb7 9. Nd2 Nf6 10. f4 Be7 11. Qf3 O-O 12. Qg3 Bc8 13. Rad1 Nh5 14. Qh3 Nxf4 15.
Bxf4 e5 16. Qe3 Qb6 17. Nf5 Bd8 18. Ne7+ Kh8 19. Nxc8 Qb7 20. Nxd6 exf4 21.
Qxf4 g5 22. Nxf7+ Kg8 23. Qc7 Bxc7 24. Nxg5 1-0

[Date "2015.??.??"]
[Round "6.11"]
[White "Oles, Martin"]
[Black "Rybak, Igor"]
[Result "1-0"]
[WhiteElo "1374"]
[BlackElo "1225"]
[PlyCount "95"]
[EventDate "2015.??.??"]

1. e4 c5 2. b3 e5 3. Bb2 Nc6 4. Bb5 d6 5. Nc3 Nge7 6. Nge2 a6 7. Bxc6+ Nxc6 8.
O-O Be6 9. f4 b5 10. f5 Bd7 11. Nd5 Be7 12. Ng3 Rb8 13. Nh5 Rg8 14. f6 Kf8 15.
fxe7+ Nxe7 16. Qf3 Be6 17. Ng3 Qd7 18. Nxe7 Qxe7 19. Nf5 Bxf5 20. Qxf5 f6 21.
Qxh7 c4 22. Qf5 Kf7 23. h3 g6 24. Qf3 a5 25. Rab1 Qe6 26. Qg4 Qe7 27. bxc4 bxc4
28. Bc3 a4 29. Qe2 Qe6 30. Qe3 Qd7 31. Rb4 Rxb4 32. Bxb4 Rb8 33. a3 Rb5 34. Qh6
Qe8 35. Qh7+ Ke6 36. Qg7 Qf7 37. Qxf7+ Kxf7 38. Bxd6 Ke6 39. Bb4 Rb7 40. Rb1
Kd7 41. Rb2 Kc6 42. Bc3 Rxb2 43. Bxb2 Kc5 44. Kf2 Kd6 45. Ke3 f5 46. g3 Ke6 47.
exf5+ Kxf5 48. g4+ 1-0

[Date "2015.??.??"]
[Round "6.12"]
[White "Szydlo, Michal"]
[Black "Franc, Piotr"]
[Result "1-0"]
[WhiteElo "1275"]
[BlackElo "1187"]
[PlyCount "61"]
[EventDate "2015.??.??"]

1. e4 c5 2. Nf3 d6 3. d4 cxd4 4. Nxd4 Nf6 5. Nc3 a6 6. Be3 e5 7. Nb3 Be6 8. Be2
Be7 9. Qd3 Nc6 10. a3 O-O 11. Nd5 b5 12. O-O Bxd5 13. exd5 e4 14. Qd2 Ne5 15.
Rad1 Rc8 16. c3 Nfg4 17. Bxg4 Nxg4 18. h3 Nxe3 19. Qxe3 f5 20. Nd4 Bg5 21. Qe2
Re8 22. Nxf5 Re5 23. Nd4 Qe8 24. Ne6 Rxe6 25. dxe6 Qxe6 26. Qg4 Qxg4 27. hxg4
Rd8 28. Rd5 Be7 29. Re1 e3 30. Rxe3 h6 31. Rxe7 1-0

[Date "2015.??.??"]
[Round "6.13"]
[White "Sypek, Szymon"]
[Black "Horoszczak, Adam"]
[Result "1-0"]
[WhiteElo "1227"]
[BlackElo "1261"]
[PlyCount "1"]
[EventDate "2015.??.??"]

1. d4 1-0

[Date "2015.??.??"]
[Round "6.14"]
[White "Ullrich, Karol"]
[Black "Bednarczyk, Mateusz"]
[Result "0-1"]
[BlackElo "1133"]
[PlyCount "30"]
[EventDate "2015.??.??"]

1. e4 c5 2. Nf3 Nc6 3. Bb5 d6 4. c3 Bg4 5. h3 Bh5 6. Be2 Nf6 7. d3 Ne5 8. Nbd2
e6 9. d4 cxd4 10. cxd4 Nc6 11. Nf1 Be7 12. Ng3 Bxf3 13. gxf3 Rc8 14. O-O Nxd4
15. Qxd4 Rc2 {Zapis nieczytelny} 0-1

[Date "2015.??.??"]
[Round "6.15"]
[White "Szafranski, Maciej"]
[Black "Olsztynski, Jan"]
[Result "0-1"]
[WhiteElo "1242"]
[BlackElo "1114"]
[PlyCount "40"]
[EventDate "2015.??.??"]

1. c4 d5 2. cxd5 Qxd5 3. Nc3 Qd8 4. d3 e5 5. e3 Nc6 6. Be2 Nf6 7. Nf3 Bb4 8.
O-O Bxc3 9. bxc3 O-O 10. c4 e4 11. dxe4 Nxe4 12. Bb2 Bf5 13. Nd4 Nxd4 14. exd4
Qg5 15. Kh1 Qf4 16. Qe1 Nf6 17. Qc1 Qe4 18. Bf3 Qh4 19. g3 Qh3 20. Bxb7 Ng4 0-1

[Date "2015.??.??"]
[Round "6.16"]
[White "Wrona, Florian"]
[Black "Wisniewski, Maciej"]
[Result "1-0"]
[WhiteElo "1261"]
[PlyCount "43"]
[EventDate "2015.??.??"]

1. e4 c5 2. Nf3 d6 3. d4 cxd4 4. Nxd4 Nf6 5. Nc3 e5 6. Bb5+ Bd7 7. Bxd7+ Nbxd7
8. Nf5 Nc5 9. Bg5 h6 10. Bxf6 Qxf6 11. Nd5 Nxe4 12. Nxf6+ Nxf6 13. Nxd6+ Bxd6
14. Qxd6 Rd8 15. Qxe5+ Kd7 16. Rd1+ Kc8 17. O-O Rhe8 18. Qc5+ Kb8 19. Rxd8+
Rxd8 20. h3 g5 21. Qe5+ Kc8 22. Qxf6 1-0

[Event "PMPJ 11"]
[Site "?"]
[Date "2015.11.12"]
[Round "7.1"]
[White "Trybus, Daniel"]
[Black "Mechlinski, Jakub"]
[Result "0-1"]
[BlackElo "1818"]
[WhiteElo "1448"]
[LiveChessVersion "1.4.6"]

1. e3 {[%clk 1:30:58]} e5 {[%clk 1:28:51]} 2. d4 {[%clk 1:31:18]} exd4
{[%clk 1:28:31]} 3. exd4 {[%clk 1:31:30]} d5 {[%clk 1:28:53]} 4. Bd3
{[%clk 1:31:40]} Bd6 {[%clk 1:29:13]} 5. c3 {[%clk 1:31:46]} Ne7 {[%clk 1:28:00]}
6. Qc2 {[%clk 1:31:22]} h6 {[%clk 1:27:57]} 7. Be3 {[%clk 1:31:29]} c6
{[%clk 1:26:52]} 8. Nd2 {[%clk 1:31:27]} Qc7 {[%clk 1:26:38]} 9. Ngf3
{[%clk 1:31:47]} Nd7 {[%clk 1:25:49]} 10. O-O-O {[%clk 1:31:48]} Nf6
{[%clk 1:26:10]} 11. h3 {[%clk 1:31:28]} Be6 {[%clk 1:25:26]} 12. g4
{[%clk 1:30:40]} O-O-O {[%clk 1:14:18]} 13. Qa4 {[%clk 1:25:42]} Kb8
{[%clk 1:10:09]} 14. Bc2 {[%clk 1:25:40]} b6 {[%clk 1:01:56]} 15. Nh4
{[%clk 1:11:12]} g5 {[%clk 0:57:16]} 16. Ng2 {[%clk 1:11:29]} Rdg8
{[%clk 0:56:29]} 17. Rdf1 {[%clk 1:10:41]} a5 {[%clk 0:48:24]} 18. Bd3
{[%clk 1:10:54]} Nd7 {[%clk 0:46:06]} 19. f4 {[%clk 1:11:06]} gxf4
{[%clk 0:46:01]} 20. Nxf4 {[%clk 1:11:30]} Kb7 {[%clk 0:41:42]} 21. Nh5
{[%clk 1:08:20]} Ng6 {[%clk 0:38:38]} 22. Qc2 {[%clk 1:06:02]} Qd8
{[%clk 0:33:23]} 23. Rf2 {[%clk 0:55:52]} Be7 {[%clk 0:31:23]} 24. Rhf1
{[%clk 0:55:22]} Qe8 {[%clk 0:25:35]} 25. Be2 {[%clk 0:40:28]} Bh4
{[%clk 0:25:09]} 26. Rf3 {[%clk 0:40:51]} Qe7 {[%clk 0:20:45]} 27. Qd3
{[%clk 0:39:26]} Ra8 {[%clk 0:19:16]} 28. Ng7 {[%clk 0:39:35]} Rh7
{[%clk 0:19:16]} 29. Nxe6 {[%clk 0:39:39]} Qxe6 {[%clk 0:19:40]} 30. Qf5
{[%clk 0:39:24]} Re8 {[%clk 0:18:55]} 31. Qxe6 {[%clk 0:37:07]} Rxe6
{[%clk 0:18:32]} 32. Rxf7 {[%clk 0:36:32]} Rxf7 {[%clk 0:18:56]} 33. Rxf7
{[%clk 0:36:54]} Rxe3 {[%clk 0:19:25]} 34. Rxd7+ {[%clk 0:37:11]} Kc8
{[%clk 0:19:42]} 35. Rg7 {[%clk 0:37:22]} Rxe2 {[%clk 0:20:01]} 36. Rxg6
{[%clk 0:31:50]} Bg5 {[%clk 0:20:21]} 37. Rxg5 {[%clk 0:32:14]} hxg5
{[%clk 0:20:45]} 38. Nf3 {[%clk 0:32:38]} Kd7 {[%clk 0:20:58]} 39. Nxg5 Re3
{[%clk 0:21:15]} 40. h4 {[%clk 0:32:58]} Rg3 {[%clk 0:21:40]} 41. Nf7
{[%clk 0:33:23]} Ke6 {[%clk 0:21:50]} 42. Ne5 {[%clk 0:33:49]} c5
{[%clk 0:22:15]} 43. h5 {[%clk 0:33:53]} Rh3 {[%clk 0:22:39]} 44. Ng6
{[%clk 0:33:51]} Rh1+ {[%clk 0:22:51]} 45. Kc2 {[%clk 0:34:11]} cxd4
{[%clk 0:22:59]} 46. cxd4 {[%clk 0:34:30]} Kd6 {[%clk 0:21:58]} 47. Ne5
{[%clk 0:34:32]} Ke6 {[%clk 0:21:19]} 48. Ng6 {[%clk 0:34:41]} Kd6
{[%clk 0:19:45]} 49. Ne5 {[%clk 0:34:59]} b5 {[%clk 0:20:10]} 50. h6
{[%clk 0:35:19]} Ke6 {[%clk 0:20:28]} 51. g5 {[%clk 0:35:28]} Kf5
{[%clk 0:18:45]} 52. Nf3 {[%clk 0:34:35]} Rh3 {[%clk 0:17:29]} 53. Ng1
{[%clk 0:34:50]} Rh2+ {[%clk 0:17:54]} 54. Kc3 {[%clk 0:35:13]} Kg6
{[%clk 0:17:43]} 55. Kd3 {[%clk 0:32:43]} Rxb2 {[%clk 0:16:19]} 56. Nf3
{[%clk 0:32:17]} Rxa2 {[%clk 0:15:39]} 57. Ne5+ {[%clk 0:31:58]} Kh7
{[%clk 0:15:11]} 58. Ke3 {[%clk 0:31:40]} Rg2 {[%clk 0:15:02]} 59. Nc6
{[%clk 0:29:35]} a4 {[%clk 0:14:11]} 60. Na5 {[%clk 0:28:02]} b4 {[%clk 0:14:07]}
61. Kf3 {[%clk 0:27:46]} Rxg5 {[%clk 0:14:06]} 62. Ke2 {[%clk 0:28:11]} Rg2+
{[%clk 0:14:25]} 63. Kd1 {[%clk 0:28:35]} a3 {[%clk 0:14:44]} 64. Kc1
{[%clk 0:27:52]} Rb2 {[%clk 0:15:00]} 65. Nc6 {[%clk 0:27:18]} b3
{[%clk 0:14:23]} 66. Nb4 {[%clk 0:27:21]} Rh2 {[%clk 0:14:43]} 67. Kb1
{[%clk 0:27:24]} Rh1# 0-1